| 000 | 00595nam a2200241Ia 4500 | ||
|---|---|---|---|
| 003 | OSt | ||
| 005 | 20251204100540.0 | ||
| 008 | 210210b2017 xxu||||| |||| 00| 0 eng d | ||
| 020 | _a9780143428367 | ||
| 040 | _cAL | ||
| 041 | _aeng | ||
| 082 | _a820.33 MURS | ||
| 100 |
_aPerumal Murugan _9247498 |
||
| 245 | _aSeasons of the palm Tr by V Geetha | ||
| 260 |
_aHaryana _bPenguin Books _c2017 |
||
| 300 | _a331p. | ||
| 650 |
_aSeasons _9247499 |
||
| 650 |
_apalm _9247500 |
||
| 650 |
_aGeetha _9247501 |
||
| 690 |
_aIndian English Fiction _9247502 |
||
| 906 | _a074337 | ||
| 942 |
_2ddc _cBK |
||
| 999 |
_c124191 _d124191 |
||